| 000 | 01018cad a22002055a 4500 | ||
|---|---|---|---|
| 001 | L152016 | ||
| 008 | 110207s2011 xxk f 000 0 eng d | ||
| 035 | _a(Sirsi) u152016 | ||
| 041 | 0 | _aeng | |
| 050 | 0 | 4 | _a333.33 $2 18 |
| 110 | 2 |
_aLloyds Banking Group _95822 |
|
| 245 | 0 | 0 |
_aHalifax house price index _bJanuary 2011 _h[electronic resource] |
| 260 |
_aLondon _bLloydsbankinggroup _c2011 |
||
| 520 | _aUnited Kingdom house prices increased by 0.8% in January 2011 but prices in the three months to January were 0.7% lower than in the preceding three months. Fewer properties are coming onto the market. A continuation of this trend would help to reduce the imbalance between demand and supply and support house prices. | ||
| 590 | _aKA | ||
| 651 | 4 |
_aUnited Kingdom _y |
|
| 690 | _aPROPERTY-RESIDENTIAL PROPERTY-RESIDENTIAL PROPERTY MARKET | ||
| 856 | 4 | 0 |
_uhttps://www.lloydsbankinggroup.com/media/pdfs/2011/HousePriceIndexJanuary2011.pdf _zView this item free of charge at www.lloydsbankinggroup.com |
| 942 | _n0 | ||
| 999 |
_c111799 _d111799 |
||